| 000 | 01768nam0a2200445 i 4500 | ||
|---|---|---|---|
| 001 | RU\NLR\BIBL_A\010788614 | ||
| 005 | 20241103095624.0 | ||
| 010 | _a9785911032067 | ||
| 035 | _a(NILC)LIBNET\0000548826 | ||
| 035 | _a(NLR Aleph) 010788614 | ||
| 090 |
_a10105095 _c10105095 |
||
| 100 | _a20150625d2015 um y0rusy50 ca | ||
| 101 | 1 |
_arus _ceng |
|
| 102 | _aRU | ||
| 105 | _aa|||z|||001yy | ||
| 200 | 1 |
_aДолг: первые 5000 лет истории _fДэвид Гребер _g[пер. с англ.: А. Дунаев] |
|
| 210 |
_aМосква _cАд Маргинем Пресс [и др.] _d2015 |
||
| 215 |
_a527 с. _d24 |
||
| 300 | _aЗагл. и авт. ориг.: Debt / David Graeber | ||
| 300 | _aЗагл. корешка: Долг | ||
| 300 | _aВ тексте аннот. авт.: Гребер Д. антрополог, проф. Лондон. шк. экономики | ||
| 320 | _aБиблиогр.: с. 492-527 и в тексте примеч. | ||
| 320 | _aУказ.: с. 474-491 | ||
| 454 | 0 |
_12001#$aDebt _1700#1$aGraeber$bD.$gDavid _tDebt _aGraeber, David |
|
| 516 | 1 | _aДолг | |
| 606 | 1 |
_aДолги _9988156 _3RU\NLR\AUTH\66372882 |
|
| 606 | 1 |
_aКредит _xИстория _92482111 _3RU\NLR\AUTH\661473359 |
|
| 606 |
_aМеновая торговля _91588336 _3RU\NLR\AUTH\66697801 |
||
| 606 |
_aЭкономическая история _91013597 _3RU\NLR\AUTH\66386241 |
||
| 686 |
_a63.3(0)-2 _vLBC/PL _2rubbk |
||
| 686 |
_a65.262-03 _vLBC/PL _2rubbk |
||
| 686 | 1 | _aУ26(0)22 | |
| 686 | 1 | _aУ03(0) | |
| 686 | 1 | _aУ010.1 | |
| 700 | 1 |
_aГребер _bД. _gДэвид |
|
| 801 | 0 |
_aRU _bЦУНБ Москва _c20150507 _grcr |
|
| 942 | _cBOOK | ||
| 980 | _aNBR | ||